000 00515nam a2200145 4500
999 _c15922
_d15922
008 210114b ||||| |||| 00| 0 eng d
022 _a0732-8435
082 _aDPer 657.05 C33 Sept - Mar 2015, v. 85 - 86
100 _aKellner, Richard.
_942728
245 _aOne CPA's 30-year journey:
_ba path into and out of public accounting/
_cRichard Kellner.
260 _aNew York:
_bThe New York State Society of CPA,
_c©2015.
300 _av86 n1, page 80;
_c28 cm.
650 _aAccountants.
_942729
942 _2ddc
_cPER